000 01328nac a22004097a 4500
001 BR0402289
003 BR-BrBNA
005 20240105123005.0
008 230509b bl.|||m| |||| 00| 0 por d
040 _aBR-BrBNA
_bpor
_cBiblioteca Nacional de Agricultura
072 _aK10
090 _aK10 BR0402289
100 1 _aAlmeida, W. da C.
100 1 _aCarvalho, J.O.P. de
100 1 _aFerreira, M. do S.G.
100 1 _aOliveira, L.C. de
100 1 _aVieira, I.C.G.
100 1 _aMiranda, I.L.
100 1 _aSoares, M.H.M.
100 1 _aCosta, D.H.M.
100 1 _aPantoja, J.R. de S.
110 1 _aEMBRAPA Amazônia Oriental, Belém, PA (Brasil)
245 1 _aImportância ecológica e econômica e uso de espécies arbóreas existentes em uma floresta primária na área do Igarapé do Mondrongo, município de Oriximiná, Pará
260 3 _aBelém, PA (Brasil):
_c2001.
300 _a5 p.
490 _aComunicado Técnico - EMBRAPA Amazônia Oriental (Brazil)
_vno. 54
_xISSN 1517-2244
500 _a6 ref.
650 _aFLORESTA
650 _aESSÊNCIA FLORESTAL
650 _aINVENTÁRIO FLORESTAL
650 _aECOLOGIA FLORESTAL
650 _aMADEIRA
650 _aCOMERCIALIZAÇÃO
650 _aPARÁ
909 _a202312
_bLúcia Elande
_c55
_dLúcia Elande
942 _2AGRIS
_n0
_cMS
999 _c293567
_d293567